000 00566cam a22001933a 4500
001 43755
003 PGUSA
005 20140828084008.0
008 130917s2013||||xxu|||||s|||||000 | eng d
040 _aPGUSA
_beng
042 _adc
245 1 0 _aBashfulness Cured :
_bEase and Elegance of Manner Quickly Gained
_h[electronic resource] /
_cAnonymous
260 _bProject Gutenberg,
_c2013
506 _aPublic domain in the USA.
516 _aElectronic text
830 0 _aProject Gutenberg
_v43755
856 4 0 _uhttp://www.gutenberg.org/ebooks/43755
942 _cEB
999 _c273006
_d273006